000 00665nam a2200241Ia 4500
003 OSt
005 20221006160415.0
006 a|||||r|||| 00| 0
007 ta
008 221006b |||||||| |||| 00| 0 eng d
024 _a45,157
037 _cSeries Articles
040 _aEASL
_cEASL
_beng
041 _2eng
_aeng
100 _aLan Pei chia Au.
_9673343
245 0 _aSegmented incorporation
_b The second genration of rural migrants in shanghai
260 _aUK
_bCambridge Univesity Press UK
_c2014
300 _a243-303
_ccm.
490 _v217
650 _aChina
942 _cREF
_2CC
999 _c1113249
_d1113249